[Event "Guelph op"]
[Site "Guelph CAN"]
[Date "2004.07.31"]
[Round "5"]
[White "Peredun, Andrew"]
[Black "Filipovich, David"]
[Result "1/2-1/2"]
[WhiteElo "2303"]
[BlackElo "2210"]
[PlyCount "76"]
[GameId "2160767911094886"]
[EventDate "2004.07.28"]
[EventType "swiss"]
[EventRounds "9"]
[EventCountry "CAN"]
[SourceTitle "CBM 101 Extra"]
[Source "ChessBase"]
[SourceDate "2004.09.01"]
[SourceVersion "2"]
[SourceVersionDate "2004.09.01"]
[SourceQuality "1"]

1. c4 c6 2. e4 d5 3. exd5 cxd5 4. cxd5 Nf6 5. Bb5+ Nbd7 6. Nc3 a6 7. Be2 Nb6 8. Nf3 Nbxd5 9. d4 e6 10. O-O Be7 11. Ne5 O-O 12. Bf3 Qc7 13. Qb3 Rd8 14. Bg5 Nxc3 15. bxc3 Nd5 16. Bxe7 Nxe7 17. Rab1 Nf5 18. Qb6 Qxb6 19. Rxb6 Nd6 20. Rd1 f6 21. Nd3 Kf7 22. Nc5 Ra7 23. Re1 Nc4 24. Nxb7 Rd7 25. Rc6 Bxb7 26. Rxc4 Bxf3 27. gxf3 Rdc7 28. Rxc7+ Rxc7 29. Rc1 Rc4 30. Kf1 e5 31. dxe5 fxe5 32. Ke2 Rh4 33. Rb1 Rxh2 34. Rb6 h5 35. Rxa6 Rh1 36. a4 g5 37. Rc6 h4 38. Rh6 Ra1 1/2-1/2

[Event "Guelph op"]
[Site "Guelph CAN"]
[Date "2004.07.31"]
[Round "5"]
[White "Predescu, Sebastian"]
[Black "Thavandiran, Shiyam"]
[Result "0-1"]
[WhiteElo "2221"]
[BlackElo "2103"]
[PlyCount "90"]
[GameId "2160767911094887"]
[EventDate "2004.07.28"]
[EventType "swiss"]
[EventRounds "9"]
[EventCountry "CAN"]
[SourceTitle "CBM 101 Extra"]
[Source "ChessBase"]
[SourceDate "2004.09.01"]
[SourceVersion "2"]
[SourceVersionDate "2004.09.01"]
[SourceQuality "1"]

1. e4 e6 2. d4 d5 3. e5 c5 4. c3 Qa5 5. Nd2 Nc6 6. Ngf3 Bd7 7. Be2 cxd4 8. Nb3 Qb6 9. cxd4 a5 10. Be3 a4 11. Nbd2 Nh6 12. O-O Nf5 13. Rc1 a3 14. bxa3 Rxa3 15. Rb1 Qa7 16. Rb3 Rxb3 17. Qxb3 Ncxd4 18. Nxd4 Nxd4 19. Bxd4 Qxd4 20. Bb5 Qxe5 21. Bxd7+ Kxd7 22. Qxb7+ Qc7 23. Qb2 Bd6 24. Qxg7 Rf8 25. Qxh7 Qc3 26. Nf3 Qb2 27. Qb1 Qxb1 28. Rxb1 Ra8 29. Rb2 e5 30. g4 e4 31. Nd4 Be5 32. Rd2 Bxd4 33. Rxd4 Kd6 34. Rd2 Rg8 35. h3 f5 36. Kf1 f4 37. a4 Ke5 38. a5 e3 39. fxe3 fxe3 40. Ra2 Rf8+ 41. Ke1 d4 42. a6 d3 43. a7 d2+ 44. Ke2 Rf2+ 45. Kxe3 d1=N+ 0-1

[Event "Guelph op"]
[Site "Guelph CAN"]
[Date "2004.07.31"]
[Round "5"]
[White "Stevens, Christian"]
[Black "Wang, David"]
[Result "1/2-1/2"]
[WhiteElo "2266"]
[BlackElo "2110"]
[PlyCount "50"]
[GameId "2160767911094888"]
[EventDate "2004.07.28"]
[EventType "swiss"]
[EventRounds "9"]
[EventCountry "CAN"]
[SourceTitle "CBM 101 Extra"]
[Source "ChessBase"]
[SourceDate "2004.09.01"]
[SourceVersion "2"]
[SourceVersionDate "2004.09.01"]
[SourceQuality "1"]

1. e4 e5 2. Nf3 Nc6 3. Bb5 a6 4. Ba4 Nf6 5. O-O Nxe4 6. d4 b5 7. Bb3 d5 8. dxe5 Be6 9. Nbd2 Nc5 10. c3 d4 11. Bxe6 Nxe6 12. cxd4 Ncxd4 13. Ne4 Be7 14. Be3 Nf5 15. Qc2 O-O 16. Rad1 Nxe3 17. fxe3 Qc8 18. Rd3 Qb7 19. Rd7 Rfe8 20. Nd4 Nxd4 21. exd4 Rad8 22. Qb3 Rf8 23. Rxe7 Qxe4 24. Rexf7 Qxd4+ 25. Kh1 Qc4 1/2-1/2

[Event "Guelph op"]
[Site "Guelph CAN"]
[Date "2004.07.31"]
[Round "5"]
[White "Tyomkin, Dimitri"]
[Black "Quan Zhe"]
[Result "1/2-1/2"]
[WhiteElo "2498"]
[BlackElo "2324"]
[PlyCount "35"]
[GameId "2160767911094889"]
[EventDate "2004.07.28"]
[EventType "swiss"]
[EventRounds "9"]
[EventCountry "CAN"]
[SourceTitle "CBM 101 Extra"]
[Source "ChessBase"]
[SourceDate "2004.09.01"]
[SourceVersion "2"]
[SourceVersionDate "2004.09.01"]
[SourceQuality "1"]

1. e4 c5 2. Nf3 d6 3. d4 cxd4 4. Nxd4 Nf6 5. Nc3 a6 6. g3 e5 7. Nb3 Be7 8. a4 b6 9. Bg2 Bb7 10. O-O Nbd7 11. Re1 Rc8 12. Nd2 Rc5 13. Nf1 Qa8 14. Bg5 h6 15. Bxf6 Nxf6 16. Qd3 O-O 17. Ne3 Rfc8 18. Re2 1/2-1/2

[Event "Guelph op"]
[Site "Guelph CAN"]
[Date "2004.07.31"]
[Round "6"]
[White "Arencibia Rodriguez, Walter"]
[Black "MacPhail, John"]
[Result "1/2-1/2"]
[WhiteElo "2531"]
[BlackElo "2339"]
[PlyCount "120"]
[GameId "2160767911094890"]
[EventDate "2004.07.28"]
[EventType "swiss"]
[EventRounds "9"]
[EventCountry "CAN"]
[SourceTitle "CBM 101 Extra"]
[Source "ChessBase"]
[SourceDate "2004.09.01"]
[SourceVersion "2"]
[SourceVersionDate "2004.09.01"]
[SourceQuality "1"]

1. d4 Nf6 2. Nf3 e6 3. Bg5 h6 4. Bh4 Be7 5. e3 b6 6. c4 Bb7 7. Nc3 Ne4 8. Bxe7 Qxe7 9. Rc1 Qb4 10. Bd3 Nxc3 11. bxc3 Qa5 12. O-O Nc6 13. Qc2 O-O 14. Nd2 Qa3 15. f4 f5 16. e4 fxe4 17. Nxe4 Na5 18. Rce1 Bxe4 19. Rxe4 Rf6 20. Re3 Raf8 21. g3 Qd6 22. Qg2 Qc6 23. Qe2 Qd6 24. Re5 Nc6 25. Re1 Qa3 26. Re3 Qd6 27. d5 Nd8 28. Bc2 Qc5 29. Qd3 g6 30. Kg2 Qe7 31. h4 Nb7 32. Qe2 Nc5 33. Kg1 h5 34. Re5 Qf7 35. Rg5 Qg7 36. Qd1 Rf5 37. Re3 Rxg5 38. hxg5 h4 39. Qd2 hxg3 40. Rxg3 e5 41. Rg4 Qf7 42. Rh4 e4 43. Qe3 Re8 44. Qd4 Qg7 45. Kf2 Nb7 46. Rh6 Nd6 47. Ba4 Re7 48. Qf6 Rf7 49. Qd8+ Rf8 50. Qxc7 Rxf4+ 51. Ke2 Qxc3 52. Qd8+ Rf8 53. Rxg6+ Kh7 54. Qxf8 Qxc4+ 55. Ke1 Qc3+ 56. Kf1 Qh3+ 57. Kg1 Qg3+ 58. Kf1 Qh3+ 59. Ke1 Qe3+ 60. Kf1 Qh3+ 1/2-1/2

[Event "Guelph op"]
[Site "Guelph CAN"]
[Date "2004.07.31"]
[Round "6"]
[White "Barsov, Alexei"]
[Black "Hutters, Tomas"]
[Result "0-1"]
[WhiteElo "2497"]
[BlackElo "2425"]
[PlyCount "120"]
[GameId "2160767911094891"]
[EventDate "2004.07.28"]
[EventType "swiss"]
[EventRounds "9"]
[EventCountry "CAN"]
[SourceTitle "CBM 101 Extra"]
[Source "ChessBase"]
[SourceDate "2004.09.01"]
[SourceVersion "2"]
[SourceVersionDate "2004.09.01"]
[SourceQuality "1"]

1. d4 Nf6 2. c4 g6 3. Nf3 Bg7 4. g3 O-O 5. Bg2 d5 6. cxd5 Nxd5 7. O-O Nb6 8. Nc3 Nc6 9. e3 Re8 10. d5 Na5 11. Nd4 Bd7 12. b3 c5 13. Nde2 e6 14. dxe6 Bxe6 15. Ba3 c4 16. b4 Nc6 17. b5 Ne5 18. Qxd8 Rexd8 19. Bxb7 Rab8 20. Bg2 Nd3 21. Nd4 Rxd4 22. exd4 Bxd4 23. Ne4 Bxa1 24. Rxa1 Na4 25. Nd6 Nc3 26. Bc6 Rb6 27. Ne4 Nxe4 28. Bxe4 Rxb5 29. Kf1 Bh3+ 30. Kg1 Bf5 31. Bf3 c3 32. Bd1 Ra5 33. Bd6 Ra6 34. Bb8 Rc6 35. Bc2 a6 36. g4 Nb4 37. Ba4 Rc8 38. Bd6 c2 39. gxf5 c1=Q+ 40. Rxc1 Rxc1+ 41. Kg2 Nxa2 42. fxg6 hxg6 43. Bb3 Nc3 44. Kf3 Nb5 45. Be5 Rc5 46. Bb2 Nd6 47. Bd4 Rb5 48. Bc2 Nf5 49. Bf6 Rb6 50. Ba1 a5 51. Be5 f6 52. Ba1 Kg7 53. Ke2 a4 54. Kd2 Rb4 55. f3 Rh4 56. Kd3 a3 57. Kc3 Rxh2 58. Kb3 Rf2 59. Be4 a2 60. Bb2 Nh4 0-1

[Event "Guelph op"]
[Site "Guelph CAN"]
[Date "2004.07.31"]
[Round "6"]
[White "Burnett, Ronald"]
[Black "Tyomkin, Dimitri"]
[Result "1/2-1/2"]
[WhiteElo "2439"]
[BlackElo "2498"]
[PlyCount "112"]
[GameId "2160767911094892"]
[EventDate "2004.07.28"]
[EventType "swiss"]
[EventRounds "9"]
[EventCountry "CAN"]
[SourceTitle "CBM 101 Extra"]
[Source "ChessBase"]
[SourceDate "2004.09.01"]
[SourceVersion "2"]
[SourceVersionDate "2004.09.01"]
[SourceQuality "1"]

1. e4 c5 2. Nf3 Nc6 3. Bb5 g6 4. O-O Bg7 5. c3 Nf6 6. Re1 O-O 7. h3 e5 8. Na3 a6 9. Bxc6 bxc6 10. Nxe5 Re8 11. d4 cxd4 12. cxd4 c5 13. Nac4 d6 14. Nc6 Qc7 15. d5 Rxe4 16. Rxe4 Nxe4 17. Qe2 Nf6 18. Ne7+ Kf8 19. Bf4 Ne8 20. Nxc8 Rxc8 21. Re1 Bd4 22. Qf3 Kg7 23. Kh2 Kg8 24. Re2 Rd8 25. Bg5 f6 26. Bd2 Be5+ 27. g3 Qd7 28. Qd3 Ng7 29. Ba5 Re8 30. Nb6 Qb5 31. Qxb5 axb5 32. f4 Bd4 33. Rxe8+ Nxe8 34. b3 b4 35. Nc8 f5 36. Bd8 Kf7 37. Kg2 Bf6 38. Bxf6 Nxf6 39. Nxd6+ Ke7 40. Nc4 Nxd5 41. a3 bxa3 42. Nxa3 Nb4 43. Kf3 Nc6 44. Nc2 Kd6 45. g4 fxg4+ 46. hxg4 h6 47. Ke4 h5 48. Ne3 h4 49. Kf3 Nd4+ 50. Kg2 Nxb3 51. Kh3 Nd2 52. Kxh4 Ne4 53. Kh3 Nd2 54. Kh4 Ne4 55. Kh3 Nd2 56. Kh4 Ne4 1/2-1/2

[Event "Guelph op"]
[Site "Guelph CAN"]
[Date "2004.07.31"]
[Round "6"]
[White "Divljan, Igor"]
[Black "Wang, David"]
[Result "1-0"]
[WhiteElo "2317"]
[BlackElo "2110"]
[PlyCount "49"]
[GameId "2160767911094893"]
[EventDate "2004.07.28"]
[EventType "swiss"]
[EventRounds "9"]
[EventCountry "CAN"]
[SourceTitle "CBM 101 Extra"]
[Source "ChessBase"]
[SourceDate "2004.09.01"]
[SourceVersion "2"]
[SourceVersionDate "2004.09.01"]
[SourceQuality "1"]

1. d4 d5 2. c4 dxc4 3. Nf3 Nf6 4. Nc3 e6 5. e4 Bb4 6. e5 Ne4 7. Qc2 Qd5 8. Be2 O-O 9. O-O Nxc3 10. bxc3 Be7 11. Nd2 c5 12. Bxc4 Qd7 13. Bd3 h6 14. Nf3 Nc6 15. Qe2 f5 16. exf6 Rxf6 17. Qe4 cxd4 18. cxd4 Qd5 19. Qh7+ Kf7 20. Be4 Qh5 21. Bxc6 bxc6 22. Ne5+ Ke8 23. Qxg7 Rf8 24. Bxh6 Ba6 25. Rfe1 1-0

[Event "Guelph op"]
[Site "Guelph CAN"]
[Date "2004.07.31"]
[Round "6"]
[White "Filipovich, David"]
[Black "Kret, Ted"]
[Result "*"]
[WhiteElo "2210"]
[BlackElo "2143"]
[PlyCount "104"]
[GameId "2160767911094894"]
[EventDate "2004.07.28"]
[EventType "swiss"]
[EventRounds "9"]
[EventCountry "CAN"]
[SourceTitle "CBM 101 Extra"]
[Source "ChessBase"]
[SourceDate "2004.09.01"]
[SourceVersion "2"]
[SourceVersionDate "2004.09.01"]
[SourceQuality "1"]

1. Nf3 Nf6 2. g3 b6 3. Bg2 Bb7 4. O-O e6 5. c4 c5 6. Nc3 d6 7. Re1 Nbd7 8. e4 e5 9. d3 g6 10. Nh4 Be7 11. f4 Nh5 12. Nf3 O-O 13. fxe5 Nxe5 14. Bh6 Ng7 15. Nxe5 dxe5 16. Nd5 Bxd5 17. cxd5 Bg5 18. Bxg7 Kxg7 19. h4 Be7 20. Rf1 Rc8 21. Qe2 Rc7 22. Rf3 Qd6 23. b3 b5 24. Kh2 Qa6 25. Raf1 c4 26. dxc4 bxc4 27. Rc3 Ba3 28. bxc4 Rb8 29. Rff3 Rb2 30. Rc2 Rcb7 31. Rxb2 Rxb2 32. Qf1 Rb7 33. Rb3 Rxb3 34. axb3 Qd6 35. Qf3 h5 36. g4 Qd8 37. Kh3 hxg4+ 38. Qxg4 Be7 39. h5 Qh8 40. Bf3 Qxh5+ 41. Qxh5 gxh5 42. Bxh5 Kf6 43. Kg4 a5 44. Kf3 Bc5 45. Bg4 Bb4 46. Bd7 Bc5 47. Ke2 Bb4 48. c5 Bxc5 49. Kd3 Ke7 50. Kc4 Bb4 51. Bg4 Kd6 52. Bh5 Be1 *

[Event "Guelph op"]
[Site "Guelph CAN"]
[Date "2004.07.31"]
[Round "6"]
[White "Henry, Liam"]
[Black "Peng, David Yu"]
[Result "1-0"]
[WhiteElo "2063"]
[BlackElo "2038"]
[PlyCount "40"]
[GameId "2160767911094895"]
[EventDate "2004.07.28"]
[EventType "swiss"]
[EventRounds "9"]
[EventCountry "CAN"]
[SourceTitle "CBM 101 Extra"]
[Source "ChessBase"]
[SourceDate "2004.09.01"]
[SourceVersion "2"]
[SourceVersionDate "2004.09.01"]
[SourceQuality "1"]

1. e4 g6 2. d4 Bg7 3. Nc3 d6 4. f4 Nf6 5. Nf3 c5 6. dxc5 Qa5 7. Bd3 Qxc5 8. Qe2 O-O 9. Be3 Qa5 10. O-O Nc6 11. h3 a6 12. Qf2 Nd7 13. Qh4 Bf6 14. Ng5 Bxg5 15. fxg5 Nde5 16. Qh6 Nxd3 17. Nd5 Nc5 18. b4 Qa3 19. bxc5 f5 20. gxf6 dxc5 1-0

[Event "Guelph op"]
[Site "Guelph CAN"]
[Date "2004.07.31"]
[Round "6"]
[White "Lapshun, Yury"]
[Black "Fedorowicz, John"]
[Result "1/2-1/2"]
[WhiteElo "2444"]
[BlackElo "2520"]
[PlyCount "25"]
[GameId "2160767911094896"]
[EventDate "2004.07.28"]
[EventType "swiss"]
[EventRounds "9"]
[EventCountry "CAN"]
[SourceTitle "CBM 101 Extra"]
[Source "ChessBase"]
[SourceDate "2004.09.01"]
[SourceVersion "2"]
[SourceVersionDate "2004.09.01"]
[SourceQuality "1"]

1. e4 c5 2. Nf3 d6 3. d4 cxd4 4. Nxd4 Nf6 5. Nc3 Nc6 6. f3 e5 7. Nb3 Be7 8. Be3 O-O 9. Qd2 a5 10. Bb5 Na7 11. Be2 Nc6 12. Bb5 Na7 13. Be2 1/2-1/2

[Event "Guelph op"]
[Site "Guelph CAN"]
[Date "2004.07.31"]
[Round "6"]
[White "Livshits, Ron"]
[Black "Moiseenko, Alexander"]
[Result "0-1"]
[WhiteElo "2346"]
[BlackElo "2640"]
[PlyCount "56"]
[GameId "2160767911094897"]
[EventDate "2004.07.28"]
[EventType "swiss"]
[EventRounds "9"]
[EventCountry "CAN"]
[SourceTitle "CBM 101 Extra"]
[Source "ChessBase"]
[SourceDate "2004.09.01"]
[SourceVersion "2"]
[SourceVersionDate "2004.09.01"]
[SourceQuality "1"]

1. d4 e6 2. c4 f5 3. g3 Nf6 4. Bg2 c6 5. Nh3 d6 6. Nc3 Be7 7. e4 e5 8. dxe5 dxe5 9. Qxd8+ Bxd8 10. exf5 Bxf5 11. Ng5 Ba5 12. Bd2 Na6 13. Rd1 Nc5 14. O-O Rd8 15. f4 Bc2 16. fxe5 Bxd1 17. exf6 Rxd2 18. fxg7 Bxc3 19. Re1+ Kd7 20. Bh3+ Kc7 21. Re7+ Kd6 22. bxc3 Rg8 23. Rf7 Bc2 24. Rf6+ Kc7 25. Rf7+ Kb6 26. Be6 h6 27. Rf2 Rd1+ 28. Kg2 Rxg7 0-1

[Event "Guelph op"]
[Site "Guelph CAN"]
[Date "2004.07.31"]
[Round "6"]
[White "Predescu, Sebastian"]
[Black "Dougherty, Michael"]
[Result "1/2-1/2"]
[WhiteElo "2221"]
[BlackElo "2229"]
[PlyCount "115"]
[GameId "2160767911094898"]
[EventDate "2004.07.28"]
[EventType "swiss"]
[EventRounds "9"]
[EventCountry "CAN"]
[SourceTitle "CBM 101 Extra"]
[Source "ChessBase"]
[SourceDate "2004.09.01"]
[SourceVersion "2"]
[SourceVersionDate "2004.09.01"]
[SourceQuality "1"]

1. e4 c5 2. Nf3 Nc6 3. d4 cxd4 4. Nxd4 Nf6 5. Nc3 d6 6. Bc4 Qb6 7. Nb3 e6 8. Be3 Qc7 9. Bd3 a6 10. a4 b6 11. O-O Be7 12. f4 O-O 13. g4 Nd7 14. g5 Re8 15. Rf3 g6 16. Rh3 Bf8 17. Qe1 Bg7 18. Qh4 Nf8 19. Rf1 Nb4 20. Bd2 Nxd3 21. cxd3 Bb7 22. Rc1 Qd7 23. Qf2 Rab8 24. a5 bxa5 25. Nxa5 Ba8 26. Nc4 d5 27. Nb6 Rxb6 28. Qxb6 dxe4 29. Qxa6 Bd4+ 30. Kf1 e5 31. Rg3 exf4 32. Bxf4 Qf5 33. Ne2 Ne6 34. Qa4 Rd8 35. dxe4 Bxe4 36. Ke1 Bxb2 37. Rc4 Bd3 38. Rb4 Be5 39. Re3 Nxf4 40. Rxf4 Bxf4 41. Qxf4 Qb5 42. Re5 Qc6 43. Kf2 Bxe2 44. Rxe2 Qd5 45. h4 Qc5+ 46. Kg2 Qd5+ 47. Kf2 Qd4+ 48. Qxd4 Rxd4 49. Kg3 Rd5 50. Rf2 Kg7 51. Rf4 Rd3+ 52. Kg2 Rd6 53. Kg3 f6 54. gxf6+ Rxf6 55. Ra4 h5 56. Ra5 Rb6 57. Ra3 Rb4 58. Rf3 1/2-1/2

[Event "Guelph op"]
[Site "Guelph CAN"]
[Date "2004.07.31"]
[Round "6"]
[White "Quan Zhe"]
[Black "Jonkman, Harmen"]
[Result "1/2-1/2"]
[WhiteElo "2324"]
[BlackElo "2425"]
[PlyCount "105"]
[GameId "2160767911094899"]
[EventDate "2004.07.28"]
[EventType "swiss"]
[EventRounds "9"]
[EventCountry "CAN"]
[SourceTitle "CBM 101 Extra"]
[Source "ChessBase"]
[SourceDate "2004.09.01"]
[SourceVersion "2"]
[SourceVersionDate "2004.09.01"]
[SourceQuality "1"]

1. d4 d5 2. c4 c6 3. Nc3 Nf6 4. e3 e6 5. Nf3 Nbd7 6. Qc2 Bd6 7. b3 O-O 8. Be2 b6 9. Bb2 Bb7 10. O-O Qe7 11. e4 Nxe4 12. Nxe4 dxe4 13. Qxe4 f5 14. Qe3 c5 15. Rad1 Rad8 16. Qg5 Nf6 17. Ne5 Qc7 18. Qe3 cxd4 19. Bxd4 f4 20. Qc3 Nd7 21. Nxd7 Rxd7 22. Bf3 Rfd8 23. Bxb7 Qxb7 24. Rde1 f3 25. gxf3 Bxh2+ 26. Kxh2 Rxd4 27. Rxe6 Qf7 28. Rfe1 Rf4 29. Kg2 Rf8 30. R1e3 h6 31. Re7 Qg6+ 32. Kf1 Rh4 33. Ke2 Rh1 34. R3e4 h5 35. Rd7 Qg1 36. Qd2 Qf1+ 37. Ke3 Qa1 38. f4 Re1+ 39. Kf3 Rxe4 40. Kxe4 Re8+ 41. Kf3 Qh1+ 42. Kg3 Qg1+ 43. Kh3 Qh1+ 44. Kg3 Kh8 45. Rd5 Qg1+ 46. Kh3 Qh1+ 47. Kg3 Qg1+ 48. Kh3 Qg4+ 49. Kh2 Qh4+ 50. Kg2 Qg4+ 51. Kh2 Qh4+ 52. Kg2 Qg4+ 53. Kh2 1/2-1/2

[Event "Guelph op"]
[Site "Guelph CAN"]
[Date "2004.07.31"]
[Round "6"]
[White "Stevens, Christian"]
[Black "Noritsyn, Nikolay"]
[Result "1-0"]
[WhiteElo "2266"]
[BlackElo "2175"]
[PlyCount "87"]
[GameId "2160767911094900"]
[EventDate "2004.07.28"]
[EventType "swiss"]
[EventRounds "9"]
[EventCountry "CAN"]
[SourceTitle "CBM 101 Extra"]
[Source "ChessBase"]
[SourceDate "2004.09.01"]
[SourceVersion "2"]
[SourceVersionDate "2004.09.01"]
[SourceQuality "1"]

1. e4 e5 2. Nf3 Nc6 3. Bb5 a6 4. Ba4 Nf6 5. O-O Nxe4 6. d4 b5 7. Bb3 d5 8. dxe5 Be6 9. Nbd2 Nc5 10. c3 d4 11. Bxe6 Nxe6 12. cxd4 Ncxd4 13. Ne4 Be7 14. Be3 Nf5 15. Qc2 O-O 16. Rad1 Nxe3 17. fxe3 Qc8 18. Rd3 c5 19. Nd6 Qc7 20. Rd5 Rad8 21. Rfd1 g6 22. a4 Qb6 23. b3 Nc7 24. a5 Qxa5 25. Rxc5 Ne6 26. Rc6 Ng5 27. Nd4 Bxd6 28. exd6 Rfe8 29. Rc5 Ne4 30. Nc6 Qb6 31. Nxd8 Nxc5 32. Nc6 Rxe3 33. Ne7+ Rxe7 34. dxe7 Ne4+ 35. Kh1 Nf2+ 36. Qxf2 Qxf2 37. e8=Q+ Kg7 38. Qe5+ Kh6 39. Re1 Qc2 40. Qe3+ Kg7 41. Rc1 Qa2 42. h4 h5 43. Qd4+ Kh7 44. Rc8 1-0

[Event "Guelph op"]
[Site "Guelph CAN"]
[Date "2004.07.31"]
[Round "6"]
[White "Thavandiran, Shiyam"]
[Black "Peredun, Andrew"]
[Result "1-0"]
[WhiteElo "2103"]
[BlackElo "2303"]
[PlyCount "177"]
[GameId "2160767911094901"]
[EventDate "2004.07.28"]
[EventType "swiss"]
[EventRounds "9"]
[EventCountry "CAN"]
[SourceTitle "CBM 101 Extra"]
[Source "ChessBase"]
[SourceDate "2004.09.01"]
[SourceVersion "2"]
[SourceVersionDate "2004.09.01"]
[SourceQuality "1"]

1. e4 c5 2. Nc3 a6 3. Nf3 d6 4. d4 cxd4 5. Nxd4 Nf6 6. Be3 e5 7. Nb3 Be6 8. f3 Nbd7 9. Qd2 b5 10. O-O-O Nb6 11. Qf2 Nc4 12. Bxc4 Bxc4 13. Bg5 Be7 14. Bxf6 Bxf6 15. Nd5 O-O 16. Qb6 Bg5+ 17. Kb1 a5 18. Qxd8 Rfxd8 19. Nc1 Bxc1 20. Kxc1 Kf8 21. b3 Bxd5 22. Rxd5 Rab8 23. Kb2 Ke7 24. Ra1 a4 25. Rad1 Rb6 26. b4 Rc8 27. R1d3 Rc4 28. a3 Rbc6 29. c3 Rb6 30. Kc2 Ke6 31. Rd1 g6 32. Kd3 Rc7 33. Rc1 f5 34. c4 Rb8 35. Rc2 bxc4+ 36. Rxc4 Rxc4 37. Kxc4 Rc8+ 38. Kd3 Rc1 39. Ra5 fxe4+ 40. fxe4 Rd1+ 41. Ke3 Re1+ 42. Kf3 Rf1+ 43. Ke2 Rg1 44. Kf2 Rb1 45. Rxa4 Rb2+ 46. Kg3 Rb3+ 47. Kh4 h6 48. g3 Rb2 49. Kg4 Rb3 50. Kh3 Kd7 51. Ra7+ Kc6 52. Kg4 Re3 53. Rg7 Rxe4+ 54. Kf3 Rc4 55. Rxg6 Kd5 56. Rxh6 Rc3+ 57. Ke2 e4 58. g4 Ke5 59. g5 Rc2+ 60. Kf1 d5 61. g6 Kf6 62. g7+ Kxg7 63. Rd6 Rd2 64. b5 Kf7 65. b6 Rb2 66. a4 Ke7 67. Rxd5 Rxb6 68. Re5+ Kf6 69. Rxe4 Rb2 70. Re2 Rb1+ 71. Kf2 Ra1 72. Re4 Kf5 73. Rb4 Ra3 74. Rb5+ Kf4 75. Rb4+ Kf5 76. h4 Kg6 77. Ke2 Kf5 78. Kd2 Ke5 79. h5 Rh3 80. a5 Kd6 81. Rb5 Kc6 82. Rf5 Kd6 83. a6 Ra3 84. Rf6+ Ke7 85. Rb6 Kf7 86. h6 Kg8 87. Kc2 Kh7 88. Kb2 Ra4 89. Kb3 1-0

[Event "Guelph op"]
[Site "Guelph CAN"]
[Date "2004.07.31"]
[Round "6"]
[White "Tseitlin, Mark D"]
[Black "Harper, Ryan"]
[Result "0-1"]
[WhiteElo "2484"]
[BlackElo "2207"]
[PlyCount "96"]
[GameId "2160767911094902"]
[EventDate "2004.07.28"]
[EventType "swiss"]
[EventRounds "9"]
[EventCountry "CAN"]
[SourceTitle "CBM 101 Extra"]
[Source "ChessBase"]
[SourceDate "2004.09.01"]
[SourceVersion "2"]
[SourceVersionDate "2004.09.01"]
[SourceQuality "1"]

1. e4 c5 2. Nf3 d6 3. d4 cxd4 4. Qxd4 Bd7 5. Bg5 Nc6 6. Qd2 Nf6 7. Nc3 Qa5 8. h3 h6 9. Be3 g6 10. Bc4 Bg7 11. O-O Rc8 12. Bb3 Qh5 13. Nh2 O-O 14. f3 Kh7 15. Rad1 b6 16. Ng4 Bxg4 17. hxg4 Qa5 18. Qe2 Nb8 19. Kf2 g5 20. Rh1 Kg8 21. Nd5 Nxd5 22. Rxd5 Qa6 23. Qd2 Rc5 24. f4 Rxd5 25. Bxd5 Nd7 26. fxg5 hxg5 27. Bxg5 Ne5 28. Bxe7 Re8 29. Qg5 Qc8 30. Rh4 Qxc2+ 31. Kg3 Qd3+ 32. Kh2 Qe2 33. Kh3 Qd3+ 34. Kh2 Qe2 35. Qf5 Rxe7 36. Qc8+ Bf8 37. Rh8+ Kxh8 38. Qxf8+ Kh7 39. Qxe7 Qf2 40. Kh3 Qe3+ 41. g3 Qc1 42. Kg2 Qxb2+ 43. Kh3 Qc1 44. Kh2 Qd2+ 45. Kh3 Kg7 46. Qxd6 Nf3 47. g5 Nxg5+ 48. Kg4 Nxe4 0-1

[Event "Guelph op"]
[Site "Guelph CAN"]
[Date "2004.08.01"]
[Round "7"]
[White "Buscar, Michael"]
[Black "Filipovich, David"]
[Result "1-0"]
[WhiteElo "2068"]
[BlackElo "2210"]
[PlyCount "65"]
[GameId "2160767911094903"]
[EventDate "2004.07.28"]
[EventType "swiss"]
[EventRounds "9"]
[EventCountry "CAN"]
[SourceTitle "CBM 101 Extra"]
[Source "ChessBase"]
[SourceDate "2004.09.01"]
[SourceVersion "2"]
[SourceVersionDate "2004.09.01"]
[SourceQuality "1"]

1. d4 d5 2. c4 c6 3. Nf3 Nf6 4. Nc3 dxc4 5. Bg5 b5 6. e3 Bb7 7. Be2 e6 8. O-O Be7 9. Ne5 Nbd7 10. f4 Nd5 11. Ne4 Nxe3 12. Qc1 Nxe5 13. fxe5 Nxf1 14. Nd6+ Kd7 15. Bxe7 Qxe7 16. Nxb7 Qh4 17. Qxf1 Qxd4+ 18. Kh1 Ke7 19. Bf3 Qxe5 20. Qf2 Rhd8 21. Nxd8 Rxd8 22. Qxa7+ Kf8 23. Qf2 c5 24. h3 c3 25. bxc3 Qxc3 26. Rf1 Rd2 27. Qg3 e5 28. Qg4 Qc4 29. Qc8+ Ke7 30. Qc7+ Kf8 31. Re1 g6 32. Qxe5 Qxa2 33. Qh8# 1-0

[Event "Guelph op"]
[Site "Guelph CAN"]
[Date "2004.08.01"]
[Round "7"]
[White "Divljan, Igor"]
[Black "Arencibia Rodriguez, Walter"]
[Result "1/2-1/2"]
[WhiteElo "2317"]
[BlackElo "2531"]
[PlyCount "63"]
[GameId "2160767911094904"]
[EventDate "2004.07.28"]
[EventType "swiss"]
[EventRounds "9"]
[EventCountry "CAN"]
[SourceTitle "CBM 101 Extra"]
[Source "ChessBase"]
[SourceDate "2004.09.01"]
[SourceVersion "2"]
[SourceVersionDate "2004.09.01"]
[SourceQuality "1"]

1. d4 Nf6 2. c4 e6 3. Nf3 b6 4. g3 Ba6 5. Nbd2 Bb4 6. Qc2 Bb7 7. Bg2 Be4 8. Qb3 Nc6 9. O-O Bxd2 10. Bxd2 O-O 11. Qe3 a5 12. Rac1 Re8 13. Rfd1 Qb8 14. Bh3 Ne7 15. Bc3 d5 16. Nd2 Bg6 17. b3 c6 18. Bb2 Nf5 19. Qc3 Rc8 20. Bg2 b5 21. cxb5 cxb5 22. Qxc8+ Qxc8 23. Rxc8+ Rxc8 24. e4 dxe4 25. Nxe4 Nxe4 26. Bxe4 Ne7 27. Bf3 Rc2 28. d5 Nxd5 29. Rc1 Rxc1+ 30. Bxc1 Nc3 31. a3 Be4 32. Bb2 1/2-1/2

[Event "Guelph op"]
[Site "Guelph CAN"]
[Date "2004.08.01"]
[Round "7"]
[White "Fedorowicz, John"]
[Black "Livshits, Ron"]
[Result "1-0"]
[WhiteElo "2520"]
[BlackElo "2346"]
[PlyCount "101"]
[GameId "2160767911094905"]
[EventDate "2004.07.28"]
[EventType "swiss"]
[EventRounds "9"]
[EventCountry "CAN"]
[SourceTitle "CBM 101 Extra"]
[Source "ChessBase"]
[SourceDate "2004.09.01"]
[SourceVersion "2"]
[SourceVersionDate "2004.09.01"]
[SourceQuality "1"]

1. d4 d5 2. c4 c6 3. Nf3 Nf6 4. Qc2 a6 5. Bf4 dxc4 6. Qxc4 b5 7. Qc2 Bb7 8. e4 Nbd7 9. e5 Nd5 10. e6 fxe6 11. Bd2 Qb6 12. Bd3 g6 13. Ng5 O-O-O 14. O-O Bg7 15. Nxe6 Bxd4 16. a4 b4 17. a5 Qa7 18. Bg5 Ne5 19. Be2 Rhf8 20. Bh4 g5 21. Bg3 Nf4 22. Bxf4 Rxf4 23. Nxf4 gxf4 24. Nd2 c5 25. Qf5+ e6 26. Qxe6+ Kb8 27. Kh1 Bd5 28. Qf6 Qc7 29. Qxf4 Rg8 30. f3 Qg7 31. Rg1 Rf8 32. Qh4 Ng6 33. Qg5 Qd7 34. Nc4 Qe6 35. Nb6 Bc6 36. Bc4 Qd6 37. Rge1 Nf4 38. Qe7 Qxe7 39. Rxe7 Nh3 40. Nd7+ Kc8 41. Nxf8 Nf2+ 42. Kg1 Ne4+ 43. Kf1 Nd2+ 44. Ke2 Nxc4 45. Ne6 Bb5 46. Rc7+ Kb8 47. Nxd4 Kxc7 48. Nxb5+ axb5 49. a6 Kb8 50. Rc1 Nxb2 51. Rxc5 1-0